000 00757nam a2200193 a 4500
008 120416s1978 ||||||||||||||||| || u
050 _aHD 58.7 Dub
100 _aDuBrin, Andrew J
245 1 0 _aFundamentals of organizational behaviour
246 _aan applied perspective
250 _a2nd. ed
260 _aNew York
_bPergamon
_c[1978]
300 _axvii, 531p.
350 _a0.00
650 0 _aMANAGEMENT
650 _aORGANIZATIONAL BEHAVIOUR
995 _aBINDERY (DAMAGED)
_D0.00
_e702682
_FCBU-MAIN LIBRARY (Kitwe)
_H1
_I0.00
_jHD 58.7 Dub
_M1
_UAVAILABLE
_y003592
_ZMain Library Open Access Collection
995 _aBINDERY (DAMAGED)
_D0.00
_e702619
_FCBU-MAIN LIBRARY (Kitwe)
_H2
_I0.00
_jHD 58.7 Dub
_M2
_UDAMAGED
_y024219
_ZMain Library Open Access Collection
999 _c63373
_d63373